|
|
|
|
| LEADER |
01028nam a22002537a 4500 |
| 001 |
19989 |
| 003 |
BD-DhAAL |
| 005 |
20230711132137.0 |
| 008 |
230710t1977 ii ||||| |||| 001 0 ben d |
| 020 |
|
|
|a 8171570062
|
| 040 |
|
|
|a BD-DhAAL
|d BD-DhAAL
|
| 041 |
|
|
|a ben
|
| 082 |
|
|
|a 891.44
|
| 100 |
|
|
|a সেনগুপ্ত, অচিন্ত্যকুমার .
|9 55014
|
| 245 |
|
|
|a কল্লোল যুগ /
|c অচিন্ত্যকুমার সেনগুপ্ত.
|
| 260 |
|
|
|a কলকাতা :
|b এম. সি. সরকার,
|c ১৯৭৭.
|
| 300 |
|
|
|a ১৯২ পৃষ্ঠা ;
|c ২২ সে.মি.
|
| 500 |
|
|
|a নিঘন্ট অন্তভূক্ত
|
| 541 |
|
|
|e 19989
|
| 650 |
|
|
|a Bengali literature.
|
| 852 |
|
|
|a Ayesha Abed Library
|c General Stacks
|
| 942 |
|
|
|2 ddc
|c BK
|
| 999 |
|
|
|c 45946
|d 45946
|
| 952 |
|
|
|0 0
|1 0
|2 ddc
|4 0
|6 891_440000000000000_SEN
|7 0
|9 73890
|a BIGD
|b BIGD
|c GEN
|d 2023-07-10
|g 80.00
|l 0
|o 891.44 SEN
|p 3050019989
|r 2023-07-10
|t 1
|w 2023-07-10
|y BK
|x Transferred from BDI to BIGD.
|